Crisis management in the tourism industry (Record no. 56277)
[ view plain ]
| 000 -LEADER | |
|---|---|
| fixed length control field | 00794nam a2200217 a 4500 |
| 005 - DATE AND TIME OF LATEST TRANSACTION | |
| control field | 200902210153555.7 |
| 008 - FIXED-LENGTH DATA ELEMENTS--GENERAL INFORMATION | |
| fixed length control field | 960221s1955 dcuabcdjdbkoqu001 0deng d |
| 080 ## - UNIVERSAL DECIMAL CLASSIFICATION NUMBER | |
| Universal Decimal Classification number | 338.48:65 |
| Item number | PFO |
| 100 ## - MAIN ENTRY--PERSONAL NAME | |
| Personal name | Pforr, Christof.,ed |
| Role | ed.by |
| 245 ## - TITLE STATEMENT | |
| Title | Crisis management in the tourism industry |
| Remainder of title | beating the odds? |
| Statement of responsibility, etc | ed.by Christof Pforr and Peter Hosie |
| 300 ## - PHYSICAL DESCRIPTION | |
| Extent | xvii, 249p. |
| 490 ## - SERIES STATEMENT | |
| Series statement | New directions in tourism analysis |
| 653 ## - INDEX TERM--UNCONTROLLED | |
| Uncontrolled term | Tourism-Management |
| -- | Crisis management |
| 700 ## - ADDED ENTRY--PERSONAL NAME | |
| Personal name | Hosie, Peter.,ed. |
| 942 ## - ADDED ENTRY ELEMENTS (KOHA) | |
| item type | Books |
| 260 ## - PUBLICATION, DISTRIBUTION, ETC. (IMPRINT) | |
| Place of publication, distribution, etc | Burlington |
| Name of publisher, distributor, etc | Ashgate |
| Date of publication, distribution, etc | 2009 |
| 500 ## - GENERAL NOTE | |
| General note | |
| 020 ## - INTERNATIONAL STANDARD BOOK NUMBER | |
| International Standard Book Number | 9780754673804 |
| 260 ## - PUBLICATION, DISTRIBUTION, ETC. (IMPRINT) | |
| -- | 13635 |
| 003 - CONTROL NUMBER IDENTIFIER | |
| control field | ViArRB |
| Lost status | Source of classification or shelving scheme | Not for loan | Home library | Current library | Shelving location | Date acquired | Total Checkouts | Total Renewals | Full call number | Barcode | Date last seen | Date checked out | Price effective from | Koha item type |
|---|---|---|---|---|---|---|---|---|---|---|---|---|---|---|
| Universal Decimal Classification | University Library | University Library | General Stacks | 16/06/2010 | 8 | 1 | 338.48:65 PFO | 00063734 | 10/02/2014 | 21/11/2013 | 16/06/2010 | Books |
